000 00779nam a2200205Ii 4500
003 JO-AjNU
008 230605s9999||||xx |||||||||||||| ||und||
040 _aJO-AjNU
_bara
_erda
_cJO-AjNU
041 _aara
050 1 4 _aD16.2.B3658 1980
100 3 _aتاليف باقر، طه، م.مشارك عبد العزيز حميد,
_eauthor
_910656
245 0 0 _aطرق البجث العلمي في التاريخ والآثار
250 _aط1
264 3 1 _aبغداد: وزارة التعليم العالي والبحث العلمي، 1980
300 _a203ص
336 _atext
_btxt
_2rdacontent
337 _aunmediated
_bn
_2rdamedia
338 _avolume
_bnc
_2rdacarrier
650 4 _aالتاريخ والاثار - البحث العلمي - بغداد - تاريخ
_910657
999 _aA1918
_c5486
_d5486